A contextual study on lived experiences of new Adventist Islam converts in Dodoma Central Church District, Tanzania : (Record no. 25167)

MARC details
000 -LEADER
fixed length control field 00758nam a22001937a 4500
003 - CONTROL NUMBER IDENTIFIER
control field AUA.1
005 - DATE AND TIME OF LATEST TRANSACTION
control field 20251107091333.0
008 - FIXED-LENGTH DATA ELEMENTS--GENERAL INFORMATION
fixed length control field 250709b |||||||| |||| 00| 0 eng d
040 ## - CATALOGING SOURCE
Transcribing agency JTL
100 ## - MAIN ENTRY--PERSONAL NAME
Personal name Khaniki, Richard G.
245 ## - TITLE STATEMENT
Title A contextual study on lived experiences of new Adventist Islam converts in Dodoma Central Church District, Tanzania :
Remainder of title Implication for mission /
Statement of responsibility, etc Richard G. Khaniki.
260 ## - PUBLICATION, DISTRIBUTION, ETC. (IMPRINT)
Date of publication, distribution, etc C2025.
300 ## - PHYSICAL DESCRIPTION
Extent xii,163 leaves :
Other physical details Illustrations :
Dimensions 30cm.
610 ## - SUBJECT ADDED ENTRY--CORPORATE NAME
Corporate name or jurisdiction name as entry element Seventh-day Adventist Church :
Subordinate unit Dodoma Central Church District
Geographic subdivision Tanzania
650 ## - SUBJECT ADDED ENTRY--TOPICAL TERM
Topical term or geographic name as entry element Seventh-Day Adventist converts
650 ## - SUBJECT ADDED ENTRY--TOPICAL TERM
Topical term or geographic name as entry element Christian converts from Islam
650 ## - SUBJECT ADDED ENTRY--TOPICAL TERM
Topical term or geographic name as entry element Missions to Muslims
942 ## - ADDED ENTRY ELEMENTS (KOHA)
Source of classification or shelving scheme AUA Inhouse Classification
Koha item type Project
Classification part MA Miss
Item part .K43 2025
Holdings
Withdrawn status Lost status Source of classification or shelving scheme Damaged status Not for loan Collection code Home library Current library Shelving location Date acquired Source of acquisition Cost, normal purchase price Serial Enumeration / chronology Total Checkouts Full call number Barcode Date last seen Cost, replacement price Price effective from Koha item type
    Library of Congress Classification     JTL Research Collection Judith Thomas Library Judith Thomas Library Judith Thomas Library Research Section 09/07/2025 Theological Seminary 25.00 AUA27985   MA Miss .K43 2025 AUA27985 09/07/2025 25.00 09/07/2025 Project